000 00838nam a22002897a 4500
001 BR7326270
003 BR-BrBNA
005 20230928084353.0
007 ta
008 230509b bl.||||| |||| 00| 0 por d
040 _aBR-BrBNA
_bpor
_cBiblioteca Nacional de Agricultura
041 _a(Por)
072 _aQ10; S10
_b2590
_b9590
_b/G514
090 _ 2590 BR7326270
100 1 _aRosa, J.S.
110 1 _aInstituto Nacional de Tecnologia, Rio de Janeiro, GB (Brasil)
_96511
245 1 _aOleo de favela, nova riqueza da regiao das secas [Brasil, Regiao Nordeste]
260 3 _aRio de Janeiro, GB (Brasil):
_c1943.
300 _a49 p.
500 _a36 ref.
650 _aTECNOLOGIA DE ALIMENTO
650 _aFAVELEIRA
650 _aOLEO
650 _aREGIAO NORDESTE
909 _a202309
_bLucia
_c55
_dLucia Elande
942 _cBK
999 _c18493
_d18493